| 000 | 00667nem a2200229 i 4500 | ||
|---|---|---|---|
| 001 | bg | ||
| 245 | 0 | 0 |
_aTatry : _bmapa turystyczna : skala 1 : 30 000 / _coprac. wydawca Mapy Ścienne Beata Piętka. |
| 255 | _aSkala 1:30 000. | ||
| 260 |
_aKatowice : _bMapy Ścienne Beata Piętka, _c[2003]. |
||
| 300 |
_a1 mapa : _bkolor. ; _c66x93, złoż. 24x14 cm. |
||
| 546 | _aDok. kartogr. w jęz. pol. | ||
| 651 | 4 |
_aTatry _xturystyka |
|
| 655 | _aMapy turystyczne | ||
| 020 | _a8373450955 | ||
| 040 | _cBPK | ||
| 041 | 0 | _apol | |
| 044 | _aPOL | ||
| 080 | _a912:338.48(438) | ||
| 920 | _a83-7345-095-5 | ||
| 942 | _cMP | ||
| 008 | 110321s2007 pl a |000 0 pol | ||
| 999 |
_c49223 _d49223 |
||
| 856 |
_uhttp://koha.tu.koszalin.pl/cgi-bin/koha/opac-detail.pl?biblionumber=49223 _yKatalog online BPK |
||